Chicken soup for the soul : (Record no. 1032)

MARC details
000 -LEADER
fixed length control field 01078cam a2200277 a 4500
005 - DATE AND TIME OF LATEST TRANSACTION
control field 20260322212044.0
008 - FIXED-LENGTH DATA ELEMENTS--GENERAL INFORMATION
fixed length control field data
010 ## - LIBRARY OF CONGRESS CONTROL NUMBER
LC control number 94178730
020 ## - INTERNATIONAL STANDARD BOOK NUMBER
International Standard Book Number 155874262X (pbk.) :
Terms of availability {dollar}12.00
020 ## - INTERNATIONAL STANDARD BOOK NUMBER
International Standard Book Number 9781558742628 (pbk.) :
Terms of availability {dollar}12.00
040 ## - CATALOGING SOURCE
Original cataloging agency ViVb
Transcribing agency ViVb
Modifying agency DLC
-- DLC
042 ## - AUTHENTICATION CODE
Authentication code lccopycat
050 00 - LIBRARY OF CONGRESS CALL NUMBER
Classification number BL624
Item number .C457 1993
082 00 - DEWEY DECIMAL CLASSIFICATION NUMBER
Classification number 158/.12
Edition information 20
092 ## - LOCALLY ASSIGNED DEWEY CALL NUMBER (OCLC)
Classification number 158.12 C457 1993
001 - CONTROL NUMBER
control field data
245 10 - TITLE STATEMENT
Title Chicken soup for the soul :
Remainder of title 101 stories to open the heart & rekindle the spirit /
Statement of responsibility, etc. Jack Canfield & Mark Victor Hansen.
260 ## - PUBLICATION, DISTRIBUTION, ETC.
Place of publication, distribution, etc. Deerfield Beach, FL :
Name of publisher, distributor, etc. Health Communications,
Date of publication, distribution, etc. c1993.
300 ## - PHYSICAL DESCRIPTION
Extent xviii, 309 p. :
Other physical details ill. ;
Dimensions 22 cm.
650 #0 - SUBJECT ADDED ENTRY--TOPICAL TERM
Topical term or geographic name entry element Spiritual life.
700 1# - ADDED ENTRY--PERSONAL NAME
Personal name Canfield, Jack,
Dates associated with a name 1944-
700 1# - ADDED ENTRY--PERSONAL NAME
Personal name Hansen, Mark Victor.
856 42 - ELECTRONIC LOCATION AND ACCESS
Materials specified Publisher description
Uniform Resource Identifier <a href="http://www.loc.gov/catdir/enhancements/fy0727/94178730-d.html">http://www.loc.gov/catdir/enhancements/fy0727/94178730-d.html</a>
856 41 - ELECTRONIC LOCATION AND ACCESS
Materials specified Sample text
Uniform Resource Identifier <a href="http://www.loc.gov/catdir/enhancements/fy0727/94178730-s.html">http://www.loc.gov/catdir/enhancements/fy0727/94178730-s.html</a>
856 42 - ELECTRONIC LOCATION AND ACCESS
Materials specified Contributor biographical information
Uniform Resource Identifier <a href="http://www.loc.gov/catdir/enhancements/fy0735/94178730-b.html">http://www.loc.gov/catdir/enhancements/fy0735/94178730-b.html</a>
Holdings
Withdrawn status Lost status Damaged status Not for loan Home library Current library Shelving location Date acquired Total checkouts Full call number Barcode Date last seen Price effective from Koha item type
        Institut Protestant de Théologie Institut Protestant de Théologie General stacks 22/03/2026   158/.12 20 BC0011066 22/03/2026 22/03/2026 Books